Patterns in Java V2 (Record no. 170900)

MARC details
000 -LEADER
fixed length control field 00421nam a2200169Ia 4500
008 - FIXED-LENGTH DATA ELEMENTS--GENERAL INFORMATION
fixed length control field 231217s9999 xx 000 0 und d
041 ## - LANGUAGE CODE
Language code of text/sound track or separate title English
082 ## - DEWEY DECIMAL CLASSIFICATION NUMBER
Classification number 001.6424JAV GRA.2;1 R
100 ## - MAIN ENTRY--PERSONAL NAME
Personal name Grand, Mark
245 #0 - TITLE STATEMENT
Title Patterns in Java V2
250 ## - EDITION STATEMENT
Edition statement 1st ed.
260 ## - PUBLICATION, DISTRIBUTION, ETC.
Date of publication, distribution, etc. 2003
Name of publisher, distributor, etc. Wiley Dream Tech India Ltd,
Place of publication, distribution, etc. New Delhi
300 ## - PHYSICAL DESCRIPTION
Extent viii+354
300 ## - PHYSICAL DESCRIPTION
Dimensions CD1140
650 ## - SUBJECT ADDED ENTRY--TOPICAL TERM
Topical term or geographic name entry element Patterns,Java,V2
942 ## - ADDED ENTRY ELEMENTS (KOHA)
Koha item type Books
Holdings
Date last seen Total checkouts Full call number Accession number Cost, total (INR) price Price effective from Category Lost status Damaged status Department Withdrawn status Home library Current library Shelving location Entry date Vendor Cost, normal purchase price Grants Billnumber Billdate Currency symbol Conversion rate Discount Old discount
26/01/2024   001.6424JAV GRA.2;1 R 25709 319.20 26/01/2024 Books     Central Library   Central Library Central Library Central Library 13/02/2004 Book Paradise 399.00 MCA 17655 20/08/2005 RS 1 79.8 20
26/01/2024   001.6424JAV GRA.2;2 R1 25710 319.20 26/01/2024 Books     Central Library   Central Library Central Library Central Library 13/02/2004 Book Paradise 399.00 MCA 17655 20/08/2005 RS 1 79.8 20
26/01/2024   001.6424JAV GRA.2;3 25711 319.20 26/01/2024 Books     Central Library   Central Library Central Library Central Library 13/02/2004 Book Paradise 399.00 MCA 17655 20/08/2005 RS 1 79.8 20

© For any Suggestions or Query, please contact the library staff @ librarian@pes.edu or Phone: +9180 2672 1983/ 2108.